| 000 | 00641nam a2200229Ia 4500 | ||
|---|---|---|---|
| 003 | OSt | ||
| 005 | 20220926013536.0 | ||
| 006 | a|||||r|||| 00| 0 | ||
| 007 | ta | ||
| 008 | 220923b |||||||| |||| 00| 0 eng d | ||
| 037 | _cGeneral Book | ||
| 040 |
_aRTL _cRTL _beng |
||
| 041 |
_2eng _aeng |
||
| 082 | _aX:991, L3 | ||
| 100 |
_aMabry Bevar D _9318527 |
||
| 245 | 0 | _aEconomics of manpower and the labor market | |
| 260 |
_aNew York _bIntext Educational U S A _c1973 |
||
| 300 |
_axiv, 682p. Bib p653-64 _ccm. |
||
| 650 | _aLabour Market | ||
| 942 |
_hX:991, L3 _cGB _2CC |
||
| 999 |
_c626197 _d626197 |
||